| 000 | 00743nam a22002177a 4500 | ||
|---|---|---|---|
| 005 | 20251108171001.0 | ||
| 008 | 250721s2002 xx 000 0 ara d | ||
| 082 | 1 | 4 | _a810.9282/ملت |
| 100 | 1 | _aصبيح، إبراهيم | |
| 245 | 1 | 0 |
_aأدب و مسرح الطفل في الأردن : _bأوراق ملتقيات عمان الإبداعية و ملتقى أدب و مسرح الطفل في الأردن / |
| 264 | 1 |
_aعمان : _bاللجنة الوطنية، _c2002. |
|
| 300 | _a273ص. | ||
| 650 | 1 | 7 | _aالأدب العربي |
| 650 | 1 | 7 | _aالمسرح |
| 650 | 1 | 7 | _aالأطفال |
| 650 | 1 | 7 | _aالأردن |
| 700 | 1 | _aناجي، حسن | |
| 700 | 1 | _aيوسف، عبد التواب | |
| 942 |
_2ddc _cBK |
||
| 999 |
_c53643 _d53643 |
||